MARC

LEADER 00000nam0a2200000 4500
001 337504
005 20231102004946.0
035 |a (RuTPU)RU\TPU\book\363991 
090 |a 337504 
100 |a 20171108d1930 k y0rusy50 ca 
101 0 |a rus  |a fre 
102 |a RU 
105 |a a z 001zy 
200 1 |a О месторождениях радиоактивных минеральных образований в Хакасском округе бывш. Енисейской губ.  |f Г. С. Лабазин  |g СССР, Главное геологоразведочное управление ; Институт металлов 
210 |a Москва  |c Геологическое изд-во  |a Ленинград  |c Геологическое изд-во  |d 1930 
215 |a 56 с. 
225 1 |a Труды Главного геолого-разведочного управления ВСНХ СССР  |v Вып. 19 
225 1 |a Труды института металлов 
317 |5 63413507: КР-4729  |a Поступил в НТБ в 1940 г. в составе книжного собрания академика М. А. Усова 
320 |a Библиогр.: с. 53 
606 1 |a Радиоактивные элементы  |x Месторождения  |2 stltpush  |3 (RuTPU)RU\TPU\subj\22441  |9 47199 
610 1 |a Библиотека М. А. Усова 
610 1 |a минеральные образования 
610 1 |a колчеданные руды 
610 1 |a кварцитовые месторождения 
610 1 |a угленосные толщи 
610 1 |a медные жилы 
610 1 |a медные месторождения 
675 |a 553.495  |v 4 
700 1 |a Лабазин  |b Г. С.  |g Григорий Сергеевич 
712 0 1 |a СССР  |b Главное геологоразведочное управление  |c (1928-1931)  |2 stltpush  |3 (RuTPU)RU\TPU\col\18482  |9 27044 
712 0 2 |a Институт металлов  |c (Ленинград)  |c (1929-1931)  |2 stltpush  |3 (RuTPU)RU\TPU\col\23497  |9 28313 
801 1 |a RU  |b 63413507  |c 20171108 
801 2 |a RU  |b 63413507  |c 20210826  |g RCR 
942 |c BK